| 000 | 00634nam a2200217 ar4500 | ||
|---|---|---|---|
| 001 | 1681 | ||
| 005 | 20221127090250.0 | ||
| 008 | 190110s cn a 00110|eng d | ||
| 020 | _a0030070686 | ||
| 082 | 0 | 4 |
_a512.9 _bB243 1987 |
| 100 | 1 | _aBarker, Jack. | |
| 245 | 1 | 0 |
_aIntermediate algebra / _cby Jack Barker, James Rogers, Van Dyke James. |
| 250 | _a2nd ed. | ||
| 260 |
_aToronto : _bSaunders College Publishing, _c1987. |
||
| 300 |
_axiv, 784 p. : _bill. ; _c27cm. |
||
| 500 | _aInclude index. | ||
| 650 | 4 |
_aAlgebra _vTextbooks. |
|
| 650 | 4 | _aMathematics. | |
| 700 | 0 | _aRogers, James. | |
| 700 | 0 |
_aJames, Van Dyke,. _ejt. author. |
|
| 999 |
_c1679 _d1679 |
||